[Event "IX Festival de Semana Santa.  Sub 2300"]
[Site "Mondariz Balneario, Pontevedra"]
[Date "2012.04.02"]
[Round "3.4"]
[White "Pena Riasco, Alexander"]
[Black "Diaz Velandia, Jose Manuel"]
[Result "1/2-1/2"]
[WhiteElo "2219"]
[BlackElo "2212"]
[PlyCount "50"]
[EventDate "2012.03.31"]

1. e4 e6 2. d4 d5 3. Nd2 Nd7 4. Ngf3 Ne7 5. Bd3 c5 6. c3 Ng6 7. O-O c4 8. Bc2
Be7 9. b3 cxb3 10. axb3 O-O 11. c4 b6 12. Re1 Bb7 13. cxd5 exd5 14. e5 Nf4 15.
Nf1 Ne6 16. Qd3 g6 17. Bh6 Re8 18. Ne3 a5 19. Ng4 Qc7 20. Rec1 Rec8 21. h4 Qc3
22. Qd1 Qb2 23. Rab1 Qa2 24. Ra1 Qb2 25. Rab1 Qa2 1/2-1/2

[Event "IX Festival de Semana Santa.  Sub 2300"]
[Site "Mondariz Balneario, Pontevedra"]
[Date "2012.04.02"]
[Round "3.5"]
[White "Uran Bermudez, Oliver Kevin"]
[Black "Clemente Llamero, Roberto"]
[Result "1-0"]
[WhiteElo "2157"]
[BlackElo "2146"]
[PlyCount "91"]
[EventDate "2012.03.31"]

1. e4 c6 2. d4 d5 3. exd5 cxd5 4. Bd3 Nc6 5. c3 Nf6 6. Bf4 Bg4 7. Qb3 Qc8 8. h3
Bh5 9. Nd2 e6 10. Ngf3 Be7 11. O-O O-O 12. Rfe1 Bg6 13. Bxg6 hxg6 14. Qb5 a6
15. Qd3 b5 16. b3 Re8 17. a4 b4 18. c4 Qb7 19. c5 Nd7 20. Re3 Bf6 21. Rae1 Nf8
22. g4 Nh7 23. h4 Qd7 24. g5 Bd8 25. Be5 Nf8 26. Nf1 Bc7 27. Ng3 Bxe5 28. Nxe5
Nxe5 29. Rxe5 Qc7 30. Qf3 Nd7 31. R5e3 Rad8 32. h5 Nf8 33. Kg2 gxh5 34. Nxh5
Ng6 35. Qg4 e5 36. f4 e4 37. f5 Qd7 38. Kg3 Qc7+ 39. Kh3 Nf8 40. Nf6+ gxf6 41.
gxf6+ Ng6 42. fxg6 Qd7 43. g7 Re6 44. Rf1 Rc6 45. Qxd7 Rxd7 46. Kg4 1-0

[Event "IX Festival de Semana Santa.  Sub 2300"]
[Site "Mondariz Balneario, Pontevedra"]
[Date "2012.04.02"]
[Round "3.6"]
[White "Draghici Flutur, Gavril"]
[Black "Fernandez Andrade, Antonio"]
[Result "1-0"]
[WhiteElo "2106"]
[BlackElo "1844"]
[PlyCount "91"]
[EventDate "2012.03.31"]

1. e4 g6 2. d4 Bg7 3. Nf3 c5 4. c3 cxd4 5. cxd4 d5 6. e5 e6 7. Be2 Ne7 8. O-O
O-O 9. Na3 a6 10. Nc2 Nbc6 11. b3 Bd7 12. Ba3 Re8 13. Ne3 Qa5 14. Qc1 Rac8 15.
Qb2 Nxd4 16. Nxd4 Bxe5 17. Bxe7 Rxe7 18. Rad1 Bg7 19. Qd2 Qa3 20. Rfe1 Ree8 21.
f4 Rc7 22. Ng4 Rec8 23. Bf3 Bb5 24. h3 h5 25. Ne5 Bf8 26. Nxb5 axb5 27. Re2 Bb4
28. Qb2 Qa7+ 29. Kh2 Bc3 30. Qb1 Bxe5 31. fxe5 b4 32. Qd3 Rc3 33. Qd4 Qa5 34.
Qf4 Rc2 35. Rxc2 Rxc2 36. Rd4 Qc5 37. Rxb4 Rc1 38. Qd4 Qc7 39. Qf4 Qc5 40. Rd4
Re1 41. Ra4 Qg1+ 42. Kg3 f5 43. exf6 Kf7 44. Qc7+ Kxf6 45. Rf4+ Kg5 46. Qe7+
1-0

[Event "IX Festival de Semana Santa.  Sub 2300"]
[Site "Mondariz Balneario, Pontevedra"]
[Date "2012.04.02"]
[Round "3.7"]
[White "Ruiz Abad, Juan Manuel"]
[Black "Madurga Lopez, Ignacio"]
[Result "1/2-1/2"]
[WhiteElo "1980"]
[BlackElo "2073"]
[PlyCount "83"]
[EventDate "2012.03.31"]

1. e4 c5 2. Nf3 d6 3. d4 cxd4 4. Nxd4 Nf6 5. Nc3 Nc6 6. Bg5 e6 7. Qd2 a6 8.
O-O-O h6 9. Bxf6 Qxf6 10. Nb3 Qd8 11. f4 Be7 12. Kb1 b5 13. g4 b4 14. Ne2 O-O
15. Ned4 Nxd4 16. Nxd4 Qb6 17. g5 hxg5 18. fxg5 g6 19. h4 e5 20. Nf5 gxf5 21.
g6 fxg6 22. Qh6 d5 23. h5 Qf6 24. hxg6 Qg7 25. Qh5 fxe4 26. Rxd5 Rf5 27. Bc4
Kf8 28. Qh8+ Qxh8 29. Rxh8+ Kg7 30. Rh7+ Kxg6 31. Rxe7 Kf6 32. Rc7 Rh5 33. b3
Bf5 34. Rc6+ Kg5 35. Rxe5 Kf4 36. Rcc5 Rh1+ 37. Kb2 Bg4 38. Rxe4+ Kxe4 39. Bd5+
Kd4 40. Bxa8 Kxc5 41. Bxh1 Kd4 42. a3 1/2-1/2

[Event "IX Festival de Semana Santa.  Sub 2300"]
[Site "Mondariz Balneario, Pontevedra"]
[Date "2012.04.02"]
[Round "3.9"]
[White "Escalante Ortega, Fernando"]
[Black "Ruiz Martinez, Isidro"]
[Result "1/2-1/2"]
[WhiteElo "1873"]
[BlackElo "2016"]
[PlyCount "121"]
[EventDate "2012.03.31"]

1. e4 g6 2. d4 Bg7 3. Nc3 d6 4. f4 c6 5. Nf3 Bg4 6. h3 Bxf3 7. gxf3 Qb6 8. Ne2
Nf6 9. c3 O-O 10. Ng3 c5 11. f5 cxd4 12. Qxd4 Qa5 13. Qe3 d5 14. e5 d4 15. b4
dxe3 16. bxa5 Nd5 17. fxg6 hxg6 18. f4 Nc6 19. Ne2 Nxa5 20. Bg2 Rfd8 21. Bxd5
Rxd5 22. Bxe3 b6 23. Kf2 Rad8 24. h4 f6 25. Rag1 fxe5 26. Rxg6 R8d6 27. f5 Rf6
28. Ng3 Nc4 29. Bg5 Rxg6 30. fxg6 Bf6 31. Bc1 Nd6 32. h5 Rd3 33. h6 Rxc3 34.
h7+ Kh8 35. Bh6 e4 36. g7+ Kxh7 37. Bd2+ Kxg7 38. Bxc3 Bxc3 39. Ke3 Kf6 40.
Nxe4+ Nxe4 41. Kxe4 Ke6 42. Rd1 Bb4 43. Rd3 Bd6 44. Rb3 Kd7 45. Kd5 e6+ 46. Kc4
Kc6 47. Rh3 Bc5 48. a4 Bd6 49. Rh6 e5 50. Re6 a6 51. Rh6 b5+ 52. axb5+ axb5+
53. Kd3 Kd5 54. Rh4 Bc5 55. Kc3 b4+ 56. Kb3 e4 57. Rh3 Bd6 58. Kc2 Kc4 59. Rh4
b3+ 60. Kb1 Kd3 61. Rxe4 1/2-1/2

[Event "IX Festival de Semana Santa.  Sub 2300"]
[Site "Mondariz Balneario, Pontevedra"]
[Date "2012.04.02"]
[Round "3.10"]
[White "Martinez Colomar, Alejandro"]
[Black "Saez Gabikagogeaskoa, Oscar"]
[Result "1-0"]
[WhiteElo "1831"]
[BlackElo "1998"]
[PlyCount "89"]
[EventDate "2012.03.31"]

1. c4 Nf6 2. Nc3 c5 3. g3 Nc6 4. Bg2 e5 5. e4 d6 6. Nge2 Be7 7. O-O O-O 8. h3
Ne8 9. d3 Nc7 10. f4 exf4 11. Nxf4 Nd4 12. Be3 Bf6 13. Qd2 Rb8 14. Nfd5 Nxd5
15. Nxd5 Be5 16. Kh2 b5 17. Rab1 bxc4 18. dxc4 Be6 19. b4 Bxd5 20. exd5 Qh4 21.
Bf4 Bxf4 22. Rxf4 Qh5 23. Rbf1 Rbe8 24. R1f2 Qg6 25. Rg4 Qb1 26. Qh6 g6 27. Rh4
g5 28. Qxg5+ Qg6 29. Qd2 f5 30. Rh6 Qg7 31. Rxd6 cxb4 32. Rf4 Ne2 33. Rf3 f4
34. gxf4 Rxf4 35. Re3 Rfe4 36. Re6 R8xe6 37. dxe6 Qe5+ 38. Rg3+ Qxg3+ 39. Kh1
Rxe6 40. Qd8+ Kf7 41. Qd7+ Kf6 42. Qd8+ Ke5 43. Qc7+ Kd4 44. Qd8+ Rd6 45. Qh8+
1-0

[Event "IX Festival de Semana Santa.  Sub 2300"]
[Site "Mondariz Balneario, Pontevedra"]
[Date "2012.04.02"]
[Round "3.13"]
[White "Ballesteros Galvez, Daniel"]
[Black "Picazo Gonzalez, Ana"]
[Result "1-0"]
[WhiteElo "1722"]
[BlackElo "1728"]
[PlyCount "101"]
[EventDate "2012.03.31"]

1. e4 e6 2. d4 d5 3. exd5 exd5 4. Bd3 Nc6 5. Nf3 Bd6 6. c3 h6 7. O-O Nge7 8.
Re1 O-O 9. Nbd2 Bf5 10. Nf1 Bxd3 11. Qxd3 Ng6 12. Ng3 Bf4 13. Bxf4 Nxf4 14. Qf5
Ne6 15. h3 Ne7 16. Qc2 Qd6 17. Nf5 Nxf5 18. Qxf5 Qf4 19. Qxd5 c6 20. Qe5 Qxe5
21. Nxe5 Rfe8 22. Nd3 Re7 23. Nc5 Rae8 24. Nxe6 Rxe6 25. Kf1 Kf8 26. Rxe6 Rxe6
27. Re1 Rd6 28. Re2 b5 29. b4 f6 30. Ke1 Kf7 31. Kd2 Rd7 32. Kd3 g6 33. a3 a6
34. a4 f5 35. axb5 axb5 36. Ra2 Ke6 37. Ra8 Kd5 38. Rh8 h5 39. Rg8 Rd6 40. Rf8
Ke6 41. c4 Rd7 42. Rc8 Rd6 43. c5 Kd7 44. cxd6 Kxc8 45. d5 Kd7 46. dxc6+ Kxc6
47. Kd4 Kxd6 48. h4 f4 49. f3 Kc6 50. Ke5 Kc7 51. Kd5 1-0

[Event "IX Festival de Semana Santa.  Sub 2300"]
[Site "Mondariz Balneario, Pontevedra"]
[Date "2012.04.02"]
[Round "3.14"]
[White "Rodriguez Sanchez, Jacinto"]
[Black "Arranz Fraile, Javier"]
[Result "0-1"]
[WhiteElo "1234"]
[BlackElo "1669"]
[PlyCount "59"]
[EventDate "2012.03.31"]

1. e4 d5 2. e5 d4 3. c3 d3 4. Qf3 Nc6 5. Qe3 Bf5 6. Nf3 e6 7. Nd4 Bc5 8. Bxd3
Bxd3 9. Qxd3 Nxe5 10. Qb5+ Nd7 11. O-O Bb6 12. b4 a6 13. Qa4 Ngf6 14. Re1 O-O
15. d3 c5 16. bxc5 Nxc5 17. Qc4 Rc8 18. Ba3 Re8 19. Nd2 Nce4 20. Qb4 Nxd2 21.
Rad1 Nd5 22. Qb2 Nxc3 23. Rxd2 Qxd4 24. Qb3 Nb5 25. Bb2 Qf4 26. Rde2 Bd4 27.
Bc1 Rxc1 28. Re4 Qxf2+ 29. Kh1 Rxe1+ 30. Rxe1 0-1

[Event "IX Festival de Semana Santa.  Sub 2300"]
[Site "Mondariz Balneario, Pontevedra"]
[Date "2012.04.02"]
[Round "3.15"]
[White "Dominguez Certal, Dario"]
[Black "Lago Carballo, Carmen"]
[Result "0-1"]
[WhiteElo "1520"]
[BlackElo "1453"]
[PlyCount "48"]
[EventDate "2012.03.31"]

1. d4 d5 2. c4 c6 3. Nc3 dxc4 4. e3 b5 5. a4 Qa5 6. Bd2 b4 7. Na2 e6 8. Bxc4
Ba6 9. Bxa6 Nxa6 10. Qf3 Qxa4 11. b3 Qb5 12. Ne2 Nf6 13. O-O Qd5 14. Qxd5 cxd5
15. f3 Be7 16. Nec1 O-O 17. Nd3 Rab8 18. Rfc1 Rb6 19. Nc5 Nxc5 20. dxc5 Rb5 21.
c6 a5 22. c7 Rc8 23. Rc6 Rc5 24. Rxc5 Bxc5 0-1

[Event "IX Festival de Semana Santa.  Sub 2300"]
[Site "Mondariz Balneario, Pontevedra"]
[Date "2012.04.03"]
[Round "4.1"]
[White "Rodriguez Boado, Martin"]
[Black "Gomez Jurado, Luis Alberto"]
[Result "1-0"]
[WhiteElo "2170"]
[BlackElo "2266"]
[PlyCount "74"]
[EventDate "2012.03.31"]

1. e4 c6 2. g3 d5 3. Nc3 d4 4. Nce2 e5 5. d3 g6 6. f4 exf4 7. Bxf4 Bg7 8. Bg2
c5 9. Nf3 Nc6 10. O-O h6 11. Rc1 Nge7 12. c3 O-O 13. cxd4 cxd4 14. h4 Be6 15.
Qd2 Kh7 16. b4 a6 17. Kh2 Qd7 18. Rc5 b6 19. Rc2 Rac8 20. Rfc1 f5 21. exf5 Bxf5
22. a4 Nd5 23. b5 axb5 24. axb5 Nce7 25. Rxc8 Nxc8 26. Rc6 Re8 27. Nexd4 Nxf4
28. Nxf5 Qxf5 29. Qxf4 Qxd3 30. h5 Ne7 31. Re6 Rf8 32. Qc7 Nd5 33. hxg6+ Qxg6
34. Qd7 Nf6 35. Qc6 Qh5+ 36. Bh3 Ng4+ 37. Kg2 Qf5 {
Resto de la partida ilegible.} 1-0

[Event "IX Festival de Semana Santa.  Sub 2300"]
[Site "Mondariz Balneario, Pontevedra"]
[Date "2012.04.03"]
[Round "4.2"]
[White "Outerelo Ucha, Manuel"]
[Black "Uran Bermudez, Oliver Kevin"]
[Result "1/2-1/2"]
[WhiteElo "2197"]
[BlackElo "2157"]
[PlyCount "126"]
[EventDate "2012.03.31"]

1. e4 d5 2. exd5 Qxd5 3. Nc3 Qa5 4. d4 Nf6 5. Nf3 Bg4 6. h3 Bh5 7. g4 Bg6 8.
Ne5 c6 9. Bg2 e6 10. O-O Nbd7 11. Qe2 O-O-O 12. f4 Bb4 13. Nd1 Rhe8 14. c3 Bd6
15. b4 Qa4 16. Nb2 Qb5 17. Nec4 Nb8 18. a4 Qa6 19. Nxd6+ Rxd6 20. Qxa6 Nxa6 21.
Nc4 Rdd8 22. Ne5 Nc7 23. Nxg6 hxg6 24. Bd2 Nfd5 25. Rfe1 Nb6 26. Bf1 Rd5 27.
Be3 Red8 28. Red1 R5d7 29. c4 Ne8 30. a5 Na8 31. a6 Kb8 32. axb7 Rxb7 33. b5
cxb5 34. Bg2 Rc7 35. c5 Nf6 36. Rdb1 Nd5 37. Rxb5+ Rb7 38. Rxb7+ Kxb7 39. Bd2
Nac7 40. Ba5 Rd7 41. f5 gxf5 42. gxf5 Kc6 43. fxe6 fxe6 44. Bxc7 Rxc7 45. Ra6+
Kb5 46. Bf1+ Kb4 47. Rxe6 Kc3 48. Bg2 Kxd4 49. Rd6 Rxc5 50. Rd7 a5 51. Bxd5
Rxd5 52. Rxg7 Ke3 53. Kg2 Rd2+ 54. Kg3 Ke4 55. h4 Rd1 56. Ra7 Rg1+ 57. Kh2 Rg4
58. Kh3 Kf3 59. Rxa5 Rg3+ 60. Kh2 Rg2+ 61. Kh1 Rg4 62. h5 Rh4+ 63. Kg1 Kg4
1/2-1/2

[Event "IX Festival de Semana Santa.  Sub 2300"]
[Site "Mondariz Balneario, Pontevedra"]
[Date "2012.04.03"]
[Round "4.3"]
[White "Pena Riasco, Alexander"]
[Black "Fernandez De Armas, Luis"]
[Result "1-0"]
[WhiteElo "2219"]
[BlackElo "2006"]
[PlyCount "89"]
[EventDate "2012.03.31"]

1. e4 d6 2. d4 Nf6 3. Nc3 e5 4. Nge2 c6 5. f3 h5 6. Be3 Nbd7 7. Qd2 b5 8. a3 a6
9. Nc1 Be7 10. Nb3 Qc7 11. Qf2 Nf8 12. Be2 Ne6 13. dxe5 dxe5 14. Bb6 Qb8 15.
O-O Nf4 16. Rfd1 g5 17. Bc5 Qc7 18. Rd2 g4 19. Rad1 gxf3 20. Bb6 Rg8 21. Bxc7
Nh3+ 22. Kf1 Nxf2 23. Bxb5 Nxd1 24. Bxc6+ Bd7 25. Bxa8 fxg2+ 26. Kg1 Nxc3 27.
bxc3 Bxa3 28. Bxe5 Ng4 29. Rxg2 Ke7 30. Bd5 Rc8 31. Bd4 Bd6 32. Bb7 Re8 33.
Bxa6 Kd8 34. Bb7 Kc7 35. Bd5 f5 36. h3 Nh2 37. exf5 Bxf5 38. Rg7+ Kc8 39. Bb7+
Kb8 40. Na5 Re1+ 41. Kf2 Rf1+ 42. Kg2 Bc7 43. Rg8+ Bd8 44. Rxd8+ Kc7 45. Rg8
1-0

[Event "IX Festival de Semana Santa.  Sub 2300"]
[Site "Mondariz Balneario, Pontevedra"]
[Date "2012.04.03"]
[Round "4.4"]
[White "Diaz Velandia, Jose Manuel"]
[Black "Draghici Flutur, Gavril"]
[Result "1/2-1/2"]
[WhiteElo "2212"]
[BlackElo "2106"]
[PlyCount "23"]
[EventDate "2012.03.31"]

1. d4 Nf6 2. Nf3 c5 3. c3 cxd4 4. cxd4 d5 5. Nc3 Nc6 6. Bf4 a6 7. e3 Bf5 8. Rc1
Qb6 9. Na4 Qa5+ 10. Nc3 Qb6 11. Na4 Qa5+ 12. Nc3 1/2-1/2

[Event "IX Festival de Semana Santa.  Sub 2300"]
[Site "Mondariz Balneario, Pontevedra"]
[Date "2012.04.03"]
[Round "4.5"]
[White "De Sousa Da Silva, Armando"]
[Black "Martin Duque, Jesus"]
[Result "0-1"]
[WhiteElo "2044"]
[BlackElo "2176"]
[PlyCount "64"]
[EventDate "2012.03.31"]

1. Nf3 Nf6 2. c4 c6 3. d4 d5 4. Nc3 dxc4 5. e4 b5 6. e5 Nd5 7. a4 e6 8. axb5
Nxc3 9. bxc3 cxb5 10. Be2 Be7 11. Be3 Bb7 12. Qb1 a6 13. h4 h6 14. Rh3 Nd7 15.
g4 Nb6 16. g5 hxg5 17. Nxg5 Nd5 18. Bd2 Nxc3 19. Rxc3 Rxh4 20. Nh3 Qxd4 21. Rg3
O-O-O 22. Bc3 Qc5 23. Ra5 Rdh8 24. Bf1 g5 25. Qa2 Re4+ 26. Kd1 g4 27. Rxa6 Rd8+
28. Kc1 Bxa6 29. Qxa6+ Kb8 30. Bg2 Qa3+ 31. Qxa3 Bxa3+ 32. Kb1 Re2 0-1

[Event "IX Festival de Semana Santa.  Sub 2300"]
[Site "Mondariz Balneario, Pontevedra"]
[Date "2012.04.03"]
[Round "4.6"]
[White "Martinez Colomar, Alejandro"]
[Black "Asensio Linan, Teodoro"]
[Result "0-1"]
[WhiteElo "1831"]
[BlackElo "2169"]
[PlyCount "62"]
[EventDate "2012.03.31"]

1. c4 c5 2. Nc3 g6 3. g3 Bg7 4. Bg2 Nc6 5. e4 d6 6. Nge2 e5 7. O-O Nge7 8. d3
O-O 9. Be3 Nd4 10. h3 Be6 11. Qd2 Bxh3 12. Bxd4 Bxg2 13. Kxg2 cxd4 14. Nd5 Nxd5
15. cxd5 f5 16. f3 Rc8 17. Rfc1 fxe4 18. fxe4 Rxc1 19. Rxc1 Qf6 20. Ng1 g5 21.
Qe2 Qf7 22. Nh3 Qg6 23. Qg4 h5 24. Qe6+ Qxe6 25. dxe6 g4 26. Ng1 Bh6 27. Rc7
Be3 28. Kh1 Re8 29. e7 Kf7 30. Rxb7 Rc8 31. Ne2 Rc2 0-1

[Event "IX Festival de Semana Santa.  Sub 2300"]
[Site "Mondariz Balneario, Pontevedra"]
[Date "2012.04.03"]
[Round "4.7"]
[White "Madurga Lopez, Ignacio"]
[Black "Lopez Heras, Arturo"]
[Result "1-0"]
[WhiteElo "2073"]
[BlackElo "1882"]
[PlyCount "113"]
[EventDate "2012.03.31"]

1. e4 e5 2. Nf3 Nc6 3. Bb5 a6 4. Ba4 Nf6 5. O-O Nxe4 6. Re1 Nc5 7. Bxc6 dxc6 8.
Nxe5 Ne6 9. Qf3 Qf6 10. Qxf6 gxf6 11. Nf3 Bd7 12. b3 O-O-O 13. Bb2 Be7 14. Nc3
Rhg8 15. Ne4 Rg6 16. Nh4 Rg4 17. Nf5 Bb4 18. Bxf6 Rdg8 19. g3 R4g6 20. a3 Bf8
21. c3 Nf4 22. Ne7+ Bxe7 23. Bxe7 Nd5 24. Bh4 Bh3 25. c4 Nf4 26. d4 Ng2 27. Bf6
Nxe1 28. Rxe1 Bf5 29. Be5 Bxe4 30. Rxe4 Re6 31. Rf4 Re7 32. Rh4 f5 33. f4 Kd7
34. Rh6 Rg6 35. Rh5 Rf7 36. Kf2 b6 37. Ke3 c5 38. d5 b5 39. Kd3 Rb6 40. Rh4
bxc4+ 41. Kxc4 a5 42. Rh5 Kc8 43. Rg5 Kb7 44. Rh5 Ka6 45. Rg5 a4 46. bxa4 Ka5
47. Rg8 Ra6 48. Kxc5 Kxa4 49. Rc8 Ra5+ 50. Kc6 Ra6+ 51. Kc5 Ra5+ 52. Kc4 Ra7
53. Rb8 Kxa3 54. Rb3+ Ka4 55. Rb1 Ka5 56. Ra1+ Kb6 57. Bd4+ 1-0

[Event "IX Festival de Semana Santa.  Sub 2300"]
[Site "Mondariz Balneario, Pontevedra"]
[Date "2012.04.03"]
[Round "4.8"]
[White "Ruiz Martinez, Isidro"]
[Black "Ballesteros Galvez, Daniel"]
[Result "1-0"]
[WhiteElo "2016"]
[BlackElo "1722"]
[PlyCount "81"]
[EventDate "2012.03.31"]

1. Nf3 d5 2. g3 Nf6 3. Bg2 e6 4. O-O Be7 5. c4 c6 6. d4 Nbd7 7. Nc3 O-O 8. Qd3
Re8 9. e4 dxe4 10. Nxe4 Nxe4 11. Qxe4 Nf6 12. Qc2 Bd6 13. Re1 h6 14. Bd2 Bd7
15. b4 Rc8 16. a4 b6 17. Ne5 c5 18. dxc5 bxc5 19. b5 Qc7 20. Bc3 Red8 21. Rad1
Be8 22. Qb2 Be7 23. h3 Rd6 24. Nf3 Rdd8 25. Be5 Qb6 26. Nh2 Rxd1 27. Rxd1 Rd8
28. Rxd8 Qxd8 29. Qc2 Qa5 30. Bc3 Qc7 31. Qd2 Bd7 32. a5 Bd6 33. Bxf6 gxf6 34.
Qxh6 Be5 35. Qd2 Kf8 36. Nf3 Ke7 37. Nxe5 Qxe5 38. Kh2 Qh5 39. Qe3 Qf5 40. b6
axb6 41. a6 1-0

[Event "IX Festival de Semana Santa.  Sub 2300"]
[Site "Mondariz Balneario, Pontevedra"]
[Date "2012.04.03"]
[Round "4.9"]
[White "Picazo Gonzalez, Alejandro"]
[Black "Ruiz Abad, Juan Manuel"]
[Result "1-0"]
[WhiteElo "1968"]
[BlackElo "1980"]
[PlyCount "117"]
[EventDate "2012.03.31"]

1. e4 c5 2. c3 d5 3. exd5 Qxd5 4. d4 Nf6 5. Nf3 e6 6. Na3 Be7 7. Nb5 Na6 8. c4
Qd8 9. Bf4 O-O 10. Bd3 cxd4 11. O-O Nd7 12. Nbxd4 Bf6 13. Nb5 e5 14. Bg3 Ndc5
15. Bc2 Qxd1 16. Raxd1 Bg4 17. Rde1 Nb4 18. Bb1 Nbd3 19. Re3 Bxf3 20. gxf3 Nxb2
21. Bc2 e4 22. fxe4 Nxc4 23. Re2 a6 24. Nc7 Rac8 25. Nd5 Bd8 26. Rc1 Nb6 27.
Bb1 Nxe4 28. Rxc8 Nxg3 29. Ne7+ Bxe7 30. Rxf8+ Kxf8 31. hxg3 Nd7 32. Be4 Nc5
33. Bf3 b5 34. Rd2 g6 35. Kf1 a5 36. Bc6 b4 37. Rd4 h5 38. Ke2 g5 39. Bf3 h4
40. gxh4 gxh4 41. Bd5 Na4 42. Kf3 Nc3 43. Bc4 a4 44. Rf4 Nxa2 45. Rxf7+ Ke8 46.
Bxa2 b3 47. Rf4 bxa2 48. Rxa4 Kf7 49. Rxa2 Kg6 50. Kg4 Bf6 51. Ra6 Kf7 52. Kf5
Be7 53. Kg4 Bf6 54. f4 Kg6 55. Rc6 Kf7 56. Kf5 Bd4 57. Rh6 Bf2 58. Rh7+ Kg8 59.
Kg6 1-0

[Event "IX Festival de Semana Santa.  Sub 2300"]
[Site "Mondariz Balneario, Pontevedra"]
[Date "2012.04.03"]
[Round "4.10"]
[White "Fernandez Andrade, Antonio"]
[Black "Escalante Ortega, Fernando"]
[Result "1/2-1/2"]
[WhiteElo "1844"]
[BlackElo "1873"]
[PlyCount "160"]
[EventDate "2012.03.31"]

1. c4 Nf6 2. g3 c5 3. Bg2 d5 4. cxd5 Nxd5 5. Nc3 Nc7 6. Qb3 Nc6 7. Nf3 e5 8.
O-O Be7 9. d3 Bd7 10. Bd2 O-O 11. Rac1 b6 12. h4 h6 13. Nh2 Rc8 14. a3 Nd4 15.
Qd1 Be6 16. Be3 Qd7 17. Bxd4 exd4 18. Ne4 f5 19. Nd2 Nd5 20. Nc4 Bf6 21. e4
dxe3 22. fxe3 b5 23. e4 fxe4 24. dxe4 bxc4 25. exd5 Bd4+ 26. Kh1 Bxd5 27. Rc2
Rxf1+ 28. Qxf1 Bf7 29. Nf3 Qa4 30. Re2 Qb3 31. Nd2 Qxg3 32. Qf5 Qxh4+ 33. Bh3
Rd8 34. Nf3 Qh5 35. Qxh5 Bxh5 36. Kg2 Bxf3+ 37. Kxf3 Kf7 38. Be6+ Kf6 39. Bxc4
Rd7 40. Kg4 Be5 41. Rf2+ Kg6 42. b3 Rd4+ 43. Kh3 Bf6 44. Rf1 a5 45. a4 h5 46.
Rg1+ Kf5 47. Rf1+ Ke4 48. Kg3 Ke3 49. Rf5 Rg4+ 50. Kh3 Rg5 51. Rxg5 Bxg5 52.
Bf7 h4 53. Bc4 Bf6 54. Bf7 Kf4 55. Bh5 g5 56. Bg4 Ke5 57. Be2 Ke4 58. Bc4 Bd4
59. Kg4 Be3 60. Kh3 Bf4 61. Kg4 Ke3 62. Kh3 Kf2 63. Be6 Bg3 64. Bg4 Kg1 65. Be6
Kf1 66. Bg4 Kf2 67. Be6 Ke2 68. Bg4+ Kd3 69. Be6 Kc3 70. Bc4 Kb4 71. Kg4 Bf4
72. Kh3 Be5 73. Kg4 Bf6 74. Kh3 Kc3 75. Kg4 Kd4 76. Kh3 Ke4 77. Be2 Be7 78. Bc4
Kf5 79. Be2 c4 80. bxc4 Bc5 1/2-1/2

[Event "IX Festival de Semana Santa.  Sub 2300"]
[Site "Mondariz Balneario, Pontevedra"]
[Date "2012.04.03"]
[Round "4.11"]
[White "Clemente Llamero, Roberto"]
[Black "Arranz Fraile, Javier"]
[Result "1-0"]
[WhiteElo "2146"]
[BlackElo "1669"]
[PlyCount "40"]
[EventDate "2012.03.31"]

1. e4 d5 2. exd5 Qxd5 3. Nc3 Qd6 4. d4 Nf6 5. Nf3 a6 6. Bd3 b5 7. Ne4 Nxe4 8.
Bxe4 Nc6 9. O-O Rb8 10. c3 Bg4 11. Bxc6+ Qxc6 12. Ne5 Qxg2+ 13. Kxg2 Bxd1 14.
Rxd1 f6 15. Nc6 Rb6 16. d5 e6 17. Be3 Rxc6 18. dxc6 Bd6 19. a4 Ke7 20. axb5
axb5 1-0

[Event "IX Festival de Semana Santa.  Sub 2300"]
[Site "Mondariz Balneario, Pontevedra"]
[Date "2012.04.04"]
[Round "5.1"]
[White "Asensio Linan, Teodoro"]
[Black "Rodriguez Boado, Martin"]
[Result "1/2-1/2"]
[WhiteElo "2169"]
[BlackElo "2170"]
[PlyCount "137"]
[EventDate "2012.03.31"]

1. e4 Nf6 2. e5 Nd5 3. d4 d6 4. Nf3 g6 5. Bc4 Nb6 6. Bb3 Bg7 7. O-O O-O 8. h3
a5 9. a4 dxe5 10. dxe5 Qxd1 11. Rxd1 Nc6 12. Re1 e6 13. Nc3 Nb4 14. Nb5 Bd7 15.
Nxc7 Rac8 16. Be3 Nc4 17. Bxc4 Rxc7 18. Bb3 Nxc2 19. Rec1 Rfc8 20. Bxc2 Rxc2
21. Rxc2 Rxc2 22. Rd1 Be8 23. Rd8 Kf8 24. Ne1 Rc4 25. b3 Rc3 26. Bd2 Rxb3 27.
Nf3 h6 28. Bxa5 Ke7 29. Rd4 Rb1+ 30. Kh2 Bc6 31. Bd8+ Ke8 32. Bc7 Bd5 33. a5
Rb5 34. Rd3 Kd7 35. Bb6 Rb3 36. Rd2 g5 37. Bd4 Rb4 38. Bc5 Ra4 39. Bb6 Ra3 40.
Kg1 Ke8 41. Rc2 Bc6 42. Rd2 h5 43. Rd8+ Ke7 44. Rg8 Ra1+ 45. Kh2 g4 46. Bc5+
Kd7 47. Rxg7 gxf3 48. gxf3 Rxa5 49. Rxf7+ Kc8 50. Bd6 Bd5 51. Rc7+ Kd8 52. Rh7
Rb5 53. Rxh5 Bxf3 54. Rh7 Rb3 55. Rg7 Be4 56. Bc5 Rb1 57. Rg1 Rb5 58. Bd6 Rb2
59. Bc5 b5 60. Kg3 b4 61. Rf1 Bf5 62. Rd1+ Kc8 63. Rd4 b3 64. Rb4 Rb1 65. Bd4
Rh1 66. Kg2 Rxh3 67. Be3 Rh5 68. Rxb3 Be4+ 69. Kg3 1/2-1/2

[Event "IX Festival de Semana Santa.  Sub 2300"]
[Site "Mondariz Balneario, Pontevedra"]
[Date "2012.04.04"]
[Round "5.2"]
[White "Gomez Jurado, Luis Alberto"]
[Black "Outerelo Ucha, Manuel"]
[Result "1-0"]
[WhiteElo "2266"]
[BlackElo "2197"]
[PlyCount "103"]
[EventDate "2012.03.31"]

1. c4 e6 2. g3 d5 3. Bg2 c5 4. Nf3 Nc6 5. O-O Nf6 6. b3 Be7 7. Bb2 O-O 8. e3
Ne4 9. d4 dxc4 10. bxc4 Nd6 11. Qe2 cxd4 12. exd4 Nf5 13. Rd1 Bf6 14. d5 Bxb2
15. Qxb2 exd5 16. cxd5 Na5 17. Na3 Nd6 18. Rd4 Re8 19. Qd2 Bf5 20. Ra4 b6 21.
Nd4 Be4 22. Nc6 Nxc6 23. dxc6 Bxg2 24. Kxg2 Qf6 25. Re1 Rxe1 26. Qxe1 Re8 27.
Qc1 a5 28. c7 Nc8 29. Rf4 Qe6 30. Qc4 Qxc4 31. Rxc4 f6 32. Nb5 Kf7 33. Rd4 a4
34. Rxa4 Re5 35. Na7 Re8 36. f4 Nxa7 37. Rxa7 Rc8 38. Kf3 Ke6 39. Ke4 Kd6 40.
a4 Re8+ 41. Kf5 Rc8 42. h4 Ke7 43. h5 Kf7 44. Ke4 Ke6 45. Rb7 Kd6 46. Kf5 Ke7
47. g4 Kf7 48. Ke4 Ke7 49. Kd5 Kd7 50. f5 h6 51. Ra7 Rg8 52. c8=Q+ 1-0

[Event "IX Festival de Semana Santa.  Sub 2300"]
[Site "Mondariz Balneario, Pontevedra"]
[Date "2012.04.04"]
[Round "5.3"]
[White "Uran Bermudez, Oliver Kevin"]
[Black "Pena Riasco, Alexander"]
[Result "0-1"]
[WhiteElo "2157"]
[BlackElo "2219"]
[PlyCount "70"]
[EventDate "2012.03.31"]

1. e4 d5 2. exd5 Qxd5 3. Nc3 Qa5 4. d4 Nf6 5. Nf3 c6 6. Ne5 Be6 7. Bd2 Qb6 8.
Be3 Qxb2 9. Na4 Qa3 10. Nc5 Qc3+ 11. Ke2 Nbd7 12. Nxe6 fxe6 13. Nd3 Nd5 14. Qc1
e5 15. Rb1 e4 16. Nb2 e5 17. Nd1 Qa5 18. Qb2 Bd6 19. c4 Nxe3 20. fxe3 O-O 21.
c5 exd4 22. exd4 Bf4 23. g3 Bh6 24. Bh3 Nf6 25. Be6+ Kh8 26. Qb4 Qd8 27. Nc3
Qe8 28. Qc4 Qh5+ 29. Ke1 Qf3 30. Rf1 Qe3+ 31. Ne2 Nd5 32. Bf5 Qd2+ 33. Kf2
Rxf5+ 34. Kg1 Rxf1+ 35. Rxf1 Ne3 0-1

[Event "IX Festival de Semana Santa.  Sub 2300"]
[Site "Mondariz Balneario, Pontevedra"]
[Date "2012.04.04"]
[Round "5.4"]
[White "Martin Duque, Jesus"]
[Black "Diaz Velandia, Jose Manuel"]
[Result "1-0"]
[WhiteElo "2176"]
[BlackElo "2212"]
[PlyCount "43"]
[EventDate "2012.03.31"]

1. d4 d5 2. Nf3 c6 3. c4 Nf6 4. Nc3 dxc4 5. a4 Nd5 6. e4 Nxc3 7. bxc3 Qa5 8.
Bd2 Bg4 9. Bxc4 e6 10. h3 Bxf3 11. Qxf3 Be7 12. O-O Bg5 13. Bxe6 Bxd2 14. Qxf7+
Kd8 15. Qxb7 Qa6 16. Qxa8 Kc7 17. Rab1 Bxc3 18. d5 c5 19. d6+ Kxd6 20. Rxb8
Rxb8 21. Qxb8+ Kxe6 22. Qb3+ 1-0